02307nam a22001937a 450000500170000000800410001702000180005804000070007604100080008308200210009110000440011224500820015625000120023826000490025030000310029936500680033052016760039865000390207420220413163211.0220309b ||||| |||| 00| 0 eng d a9788178330389 cAL aeng 223a633.83bNIIC aNIIR Board of consultants and engineers aComplete book on spices and condimentsbWith cultivation, processing and uses a2nd ed. aNew DelhibAsia pacific business pressc2013 axxxv,848p.bPBc21.5x14cm. 2GeneralaVBI-1344b₹1706.25c₹d₹2275.00e25%f21-02-2022 aThe great mystery and beauty of spices is their use, blending and ability to change and enhance the character of food. Spices and condiments have a special significance in various ways in human life because of its specific flavours, taste, and aroma. To produce good quality spice products, attention is required not only during cultivation but also at the time of harvesting, processing and storing. Not as large as in the days when, next to gold, spices were considered most worth the risk of life and money. The trade is still extensive and the oriental demand is as large as ever. Some of the fundamentals of the book are definition of spices and condiments nomenclature or classification of spices and condiments, Indian central spices and cashew nut committee, origin, properties and uses of spices, forms, functions and applications of spices, trends in the world of spices, yield and nutrient uptake by some spice crops grown in sodic soil, tissue culture and in vitro conservation of spices, in vitro responses of piper species on activated charcoal supplemented media, soil agro climatic planning for sustainable spices production, potentials of biotechnology in the improvement of spice crops, medicinal applications of spices and herbs, medicinal properties and uses of seed spices, effect of soil solarization on chillies, spice oil and oleoresin from fresh dry spices etc. The present book contains cultivation, processing and uses of various spices and condiments, which are well known for their multiple uses in every house all over world. The book is an invaluable resource for new entrepreneurs, agriculturists, agriculture universities and technocrats. 2AgricultureaSpices and plantation